Propuesta de rehabilitación arquitectónica - bioclimática del centro cultural batahola norte. En el bo. Batahola norte de la ciudad de Managua
El presente documento tiene como objetivo desarrollar una propuesta de Rehabilitación Arquitectónica – Bioclimática del Centro Cultural Batahola Norte.
| Main Authors: | , |
|---|---|
| Other Authors: | |
| Format: | Tesis Section = Libro |
| Language: | Undetermined Spanish |
| Published: |
Managua
UNI
2021
|
| Subjects: |
| LEADER | 01027nam a2200229Ia 4500 | ||
|---|---|---|---|
| 008 | 240830s9999 xx 000 0 und d | ||
| 040 | |a BIBLIOTECA-RUSB/ Mon 720.47 S211 | ||
| 041 | |a spa | ||
| 082 | |a Mon 720.47 S211 | ||
| 100 | 1 | |a Yahary Sánchez, Marlon | |
| 100 | 1 | |b Zamora Medina, Hosnield Michael | |
| 245 | 1 | 0 | |a Propuesta de rehabilitación arquitectónica - bioclimática del centro cultural batahola norte. En el bo. Batahola norte de la ciudad de Managua |
| 260 | |a Managua |b UNI |c 2021 | ||
| 300 | |a 175 p.: il. | ||
| 500 | |a Incluye anexos y CD. | ||
| 502 | |a Tesis (Arquitecto) - UNI, 2018. | ||
| 520 | 3 | |a El presente documento tiene como objetivo desarrollar una propuesta de Rehabilitación Arquitectónica – Bioclimática del Centro Cultural Batahola Norte. | |
| 650 | 7 | |a ARQUITECTURA BIOCLIMATICA 2. DISEÑO ARQUITECTONICO 3. CENTRO CULTURAL 4. REHABILITACION ARQUITECTONICA 5. EDIFICIOS CULTURALES | |
| 700 | 1 | |a Tutor: |b Mayorga Navarro, Eduardo José | |
| 942 | |c BK |2 ddc | ||
| 991 | |a TESIS | ||
| 999 | |c 22208 | ||